Score 0/42 Timer 05:00
5 Plays Today
Year Country % Correct
1961United States
99.6%
2003China
96.1%
1992Russia
94.6%
1982France
94.2%
1984Canada
92.8%
1992Germany
92.8%
1991United Kingdom
92.8%
1990Japan
92.6%
1985Mexico
90.6%
1998Spain
88.1%
1992Italy
85.5%
2006Brazil
85.4%
1961Soviet Union
84.2%
1984India
82%
2006Sweden
75.7%
1978Poland
71.5%
2008South Korea
70.6%
2002South Africa
68.2%
2015Denmark
64.5%
1991Austria
63%
1992Switzerland
62%
Year Country % Correct
2006Iran
61.9%
1997Ukraine
61.8%
1985Netherlands
57.6%
1992Belgium
54.7%
2003Israel
52.8%
1978East Germany
52.5%
1983West Germany
51.6%
1980Hungary
51.6%
1985Saudi Arabia
48.6%
1981Romania
45.4%
1980Cuba
44.3%
2015Kazakhstan
42.2%
1980Vietnam
41.6%
1978Czechoslovakia
41.5%
1979Bulgaria
37.2%
1999Slovakia
36.7%
1981Mongolia
35.7%
2019United Arab Emirates
33.2%
1988Afghanistan
27.1%
2007Malaysia
23.9%
1987Syria
21.9%

You're not logged in!

Compare scores with friends on all Sporcle quizzes.
OR
Log In

Sporcle TV

Today on Sporcle TV


Watch our educational content, quiz creation guides, and fun videos on Sporcle TV.

Show Comments

Extras

Top Quizzes Today


Score Distribution

Paid Content

Your Account Isn't Verified!

In order to create a playlist on Sporcle, you need to verify the email address you used during registration. Go to your Sporcle Settings to finish the process.

Report this User

Report this user for behavior that violates our Community Guidelines.

Details: